01551nam a22003257a 4500003000400000005001700004008004100021040002200062082002100084100003400105245003700139260011400176300001900290490002400309505003800333505002700371505005300398505007100451505015600522505027700678505001500955505001800970505001500988505001301003505002701016650004101043650004901084650004301133650004901176OSt20230421102633.0221006b |||||||| |||| 00| 0 eng d cBiblioteca Lado V a794.816.6bV632a aVicente, Jose Luis deeeditor aMediateca Expandida/bPlay-list/ bCentro de Arte y Creación IndustrialbcajAsturbMinisterio de Industria, Turismo y Comercioc2010aEspaña c17x23cma153p. a02v2010x1889-965X aLa cultura y el arte como motores aExplorar para entender aNuevos Motores para el arte y la cultura popular aLa reinvencion de la tecnología: un acto de resistencia creativa aEnsayosgPlaylist Entonces. En que momento la obsolescencia se convirtio en practica artistica? El bucle interminable La cuestion de la electronica  aProyectosgPaul B. Davis Jeff Donaldson Dragan Espenschied Gino Esposto Gijs Gieskes Andre Goncalves Mike in Mono Animal Style Raquel Meyers Mikro Orchestra No Carrier Nullsleep Tristan Perich Rabato Gebhard Sengmuller Alexei Shulgin Tonylight VjVISUALOOP aBiografias aArchivo 8-Bit aConciertos aCreditos aPlaylist. La antologia 2Tesauro de Arte & ArquitecturaaARTE 2Tesauro de Arte & ArquitecturaaVIDEO JUEGOS 2Tesauro de Arte & ArquitecturaaMUSICA 2Tesauro de Arte & ArquitecturaaARTE DIGITAL